000 00790nam a2200205Ia 4500
001 15026
003 GE_BSU
008 181216s||||||||xx |||||||||||||| ||und||
040 _cGE_BSU
080 _a512.54(075.8)
100 _aВарпаховский, Ф.Л; Содовников,А.С.
245 _aАлгебра. Группы. Кольца. Поля. Векторные и евклидовы пространства. Линеиные отображения
260 _aМосква
260 _bПросвещение.
260 _c1978
300 _a142стр.22см.
653 _aАлгебра. Группы. Кольца. Поля. Векторные и евклидовы пространства.
653 _aЛинеиные отображения
942 _cBK
999 _c48144
_d48144